| 000 | 00620nam a2200169 a 4500 | ||
|---|---|---|---|
| 005 | 20250111063818.0 | ||
| 008 | 991125s1978 san 000 0 spa u | ||
| 035 | _aUPN01000043798 | ||
| 049 | _aCG | ||
| 050 | 4 |
_aLB1027 _bL4.6 |
|
| 100 | 1 | _aLemke, Donald A. | |
| 245 | 1 | 0 |
_aPasos hacia un currículo flexible / _cdocumento preliminar para discusión, preparado por Donald A. Lemke. |
| 260 |
_aSantiago de Chile : _bUNESCO, Oficina Regional de Educación para América Latina y el Caribe, _c1978. |
||
| 300 |
_a172, 30, 56 p. : _bil. |
||
| 650 | 4 |
_aEducación _zAmérica Latina _vPlanes y programas _914702 |
|
| 905 | _aLibro | ||
| 999 |
_c43798 _d43798 |
||